Statistics for Taylor Swift Songs Starting with "The"

Click here to take the quiz!

General Stats

  • This quiz has been taken 562 times
    (15 since last reset)
  • The average score is 12 of 25

Answer Stats

song name% Correct
the 1
73%
The Man
73%
The Archer
67%
The Alchemy
60%
The Best Day
60%
the last great american dynasty
60%
The Tortured Poets Department
60%
The Black Dog
53%
The Lucky One
53%
The Manuscript
53%
The Outside
53%
The Albatross
47%
The Last Time (feat. Gary Lightbody)
47%
The Moment I Knew
47%
The Prophecy
47%
The Story Of Us
47%
The Very First Night
47%
The Way I Loved You (Taylor's Version)
47%
The Great War
40%
the lakes - bonus track
40%
The Other Side of the Door
33%
The Alcott (The National ft. Taylor Swit)
20%
The Joker And The Queen (Ed Sheeran ft. Taylor Swift)
20%
The Botler
13%
The Smallest Boy Who Ever Lived
7%

Score Distribution

Percentile by Number Answered

Percent of People with Each Score

Your Score History

You have not taken this quiz since the last reset